Kształty cząsteczek - Statystyki

Ogólne statystyki
  • Ten quiz został rozwiązany 20 razy
  • Średni wynik to 3 z 10
Statystyki odpowiedzi
Wskazówka Odpowiedź % Poprawnych
sp¹ npa0 cząsteczka liniowa
86%
sp³ npa1 piramida trygonalna
43%
sp³ npa0 tetraedr
43%
sp⁴ npa0 bipiramida trygonalna
29%
sp³ npa2 cząsteczka kątowa
29%
sp² npa1 cząsteczka kątowa
21%
sp⁴ npa2 kształt litery T
14%
sp² npa0 płaski trójkąt
14%
sp⁴ npa1 zdeformowany tetraedr
14%
sp⁴ npa3 cząsteczka liniowa
7%
Nie znaleziono quizów pasujących do podanych kryteriów
Rozkład punktacji
Procent ludzi z każdym wynikiem
Percentyl według liczby udzielonych odpowiedzi
Twoja historia wyników
Nie rozwiązałeś tego quizu